Margot Robbie Collaborations by Actors - Statistics

General Stats
  • This quiz has been taken 54 times
  • The average score is 6 of 8
Answer Stats
Actor Movies % Correct
Will Smith Focus | Suicide Squad
91%
Ryan Gosling The Big Short | Barbie
91%
Leonardo Di Caprio The Wolf of Wall Street | Once Upon A Time in Hollywood
91%
Brad Pitt The Big Short | Once Upon A Time in Hollywood | Babylon
80%
Maya Hawke Once Upon A Time in Hollywood | Asteroid City
68%
Christian Bale The Big Short | Amsterdam
59%
Steve Carell The Big Short | Asteroid City
55%
Domhnall Gleeson About Time | Goodbye, Christopher Robin | Peter Rabbit | Peter Rabbit 2: The Runaway
48%
No matching quizzes found
Score Distribution
Percent of People with Each Score
Percentile by Number Answered
Your Score History
You have not taken this quiz